| 000 | 00685nam a2200229Ia 4500 | ||
|---|---|---|---|
| 005 | 20241129111312.0 | ||
| 008 | 241129s9999||||xx |||||||||||||| ||und|| | ||
| 020 | _a9781032148403 | ||
| 037 | _aTB | ||
| 040 |
_aCRL _beng _cCRL |
||
| 041 |
_aeng _2eng |
||
| 084 |
_aP:3 R2 _qCRL |
||
| 100 |
_aNarita Hiroki Au.; Fukui Naoki Au. _9724009 |
||
| 245 | 0 |
_aSymmetrizing syntax: merge, minimality, and equilibria _cNarita Hiroki Au.; Fukui Naoki Au. |
|
| 260 |
_aLondon, UK _bRoutledge _c2023 |
||
| 300 | _axiii,330p. | ||
| 365 |
_aUKP _b38.99 |
||
| 490 | _aRoutledge studies in lingustics | ||
| 650 |
_aLinguistic _9558313 |
||
| 942 |
_cTB _hP:3 R2 |
||
| 999 |
_c1229821 _d1229821 |
||